000 004580000a22001810004500
003 LK-CoMWRAF
005 20230924074520.0
008 230817t1983 ||||| |||| 00| 0 eng d
040 _aLK-CoMWRAF
_dLK-CoMWRAF
_eLK-CoMWRAF
041 _aeng
082 _a297
_bGHA
100 _aGhazali, Al
245 _aInner dimensions of Islamic worship
260 _aU.K. :
_bThe Islamic foundation,
_c1983
300 _a142p
650 _aIslam-Worship
942 _cBK
999 _c1245
_d1245